<?xml version="1.0" encoding="UTF-8"?>
<record
    xmlns:xsi="http://www.w3.org/2001/XMLSchema-instance"
    xsi:schemaLocation="http://www.loc.gov/MARC21/slim http://www.loc.gov/standards/marcxml/schema/MARC21slim.xsd"
    xmlns="http://www.loc.gov/MARC21/slim">

  <leader>00514nam a2200181Ia 4500</leader>
  <controlfield tag="008">230718s9999    xx            000 0 und d</controlfield>
  <datafield tag="020" ind1=" " ind2=" ">
    <subfield code="a">9788172244187</subfield>
  </datafield>
  <datafield tag="041" ind1=" " ind2=" ">
    <subfield code="a">eng</subfield>
  </datafield>
  <datafield tag="082" ind1=" " ind2=" ">
    <subfield code="a">621.6'7</subfield>
    <subfield code="b">LOB</subfield>
  </datafield>
  <datafield tag="100" ind1=" " ind2=" ">
    <subfield code="a">Lobanoff V.S.</subfield>
    <subfield code="9">192401</subfield>
  </datafield>
  <datafield tag="245" ind1=" " ind2=" ">
    <subfield code="a">Centrifugal Pumps </subfield>
    <subfield code="b">Design And Application</subfield>
  </datafield>
  <datafield tag="250" ind1=" " ind2=" ">
    <subfield code="a">2nd ed.</subfield>
  </datafield>
  <datafield tag="260" ind1=" " ind2=" ">
    <subfield code="b">Jaico Publishing House</subfield>
  </datafield>
  <datafield tag="300" ind1=" " ind2=" ">
    <subfield code="d">Ref 706 I (39703)</subfield>
  </datafield>
  <datafield tag="365" ind1=" " ind2=" ">
    <subfield code="c">Rs.</subfield>
    <subfield code="b">995.00</subfield>
  </datafield>
  <datafield tag="700" ind1=" " ind2=" ">
    <subfield code="a">Lobanoff V.S.</subfield>
    <subfield code="9">192401</subfield>
  </datafield>
  <datafield tag="906" ind1=" " ind2=" ">
    <subfield code="d">O:0322706-Feb-2013B:219503-Jan-2013</subfield>
    <subfield code="c">MECH</subfield>
    <subfield code="b">218.9</subfield>
  </datafield>
  <datafield tag="999" ind1=" " ind2=" ">
    <subfield code="c">331875</subfield>
    <subfield code="d">331875</subfield>
  </datafield>
  <datafield tag="952" ind1=" " ind2=" ">
    <subfield code="0">0</subfield>
    <subfield code="1">0</subfield>
    <subfield code="4">0</subfield>
    <subfield code="7">0</subfield>
    <subfield code="a">CCEP</subfield>
    <subfield code="b">CCEP</subfield>
    <subfield code="d">2013-02-06</subfield>
    <subfield code="e">Technical Book Services</subfield>
    <subfield code="f">MECH</subfield>
    <subfield code="g">776.10</subfield>
    <subfield code="i">2195</subfield>
    <subfield code="l">1</subfield>
    <subfield code="o">621.6'7</subfield>
    <subfield code="p">CCEP-BK-43082</subfield>
    <subfield code="r">2024-03-26 00:00:00</subfield>
    <subfield code="s">2024-03-11</subfield>
    <subfield code="t">218.9</subfield>
    <subfield code="v">995.00</subfield>
    <subfield code="w">2013-01-03</subfield>
    <subfield code="y">BK</subfield>
    <subfield code="z">043082</subfield>
  </datafield>
</record>
